00644nam a2200229 a 4500001001300000003000900013005001700022008004100039020001000080082001600090100002100106245002200127260003900149300000900188500003500197650001000232700002100242902000800263942000700271952011900278999001700397nice12345678IN_TiNIC20260116015011.0070622s1997 cina grp 000 0 eng  ac10000a340.11bNES aNess, Daniel Van aRestoring Justice aCincinnatibAnderson Pub. Coc1997 a228p aincludes index and biblioraphy aPeace1 aNess, Daniel Van bSRS cBK 001040708StackRoom-aHMIbHMId2007-06-22g100.00l0o340.11 NESp11001510r2007-06-22v100.00w2007-06-22yBK c17902d17902